Statistiques concernant Académies de France sur une carte

Cliquez ici pour prendre le quiz!

Statistiques générales

  • Ce quiz a été pris 309 fois
  • Le résultat moyen est 26 sur 30

Réponses sur la Carte

Les réponses sont colorées sur une échelle allant du rouge au vert en fonction du pourcentage des utilisateurs qui les ont devinées à leur premier essai. Vous pouvez retrouver ces pourcentages ci-dessous.
 

Statistiques - réponses

Académies% Correct
Paris
98%
Aix/Marseille
97%
Bordeaux
97%
Lille
97%
Nice
97%
Strasbourg
96%
Toulouse
96%
Lyon
95%
Nantes
95%
Montpellier
94%
Normandie
94%
Rennes
93%
Nancy/Metz
86%
Orléans/Tours
86%
Dijon
85%
Grenoble
85%
Versailles
85%
Clermont-Ferrand
84%
Reims
80%
Corse
79%
Amiens
77%
Guyane
77%
Limoges
76%
Martinique
76%
Poitiers
76%
Guadeloupe
75%
La Réunion
75%
Mayotte
72%
Besançon
69%
Créteil
68%

Distribution des résultats

Percentile par nombre de réponses

% des personnes avec chaque résultat

Votre développement - résultats

Vous n’avez pas pris ce quiz